Women and politics in Nagaland : (Record no. 8347)

MARC details
000 -LEADER
fixed length control field 00792 a2200217 4500
003 - CONTROL NUMBER IDENTIFIER
control field GBCCL
005 - DATE AND TIME OF LATEST TRANSACTION
control field 20241126110648.0
008 - FIXED-LENGTH DATA ELEMENTS--GENERAL INFORMATION
fixed length control field 200210b ||||| |||| 00| 0 eng d
020 ## - INTERNATIONAL STANDARD BOOK NUMBER
International Standard Book Number 9788180698828
020 ## - INTERNATIONAL STANDARD BOOK NUMBER
International Standard Book Number 8180698823
040 ## - CATALOGING SOURCE
Transcribing agency gbc
082 ## - DEWEY DECIMAL CLASSIFICATION NUMBER
Classification number 305.420954
-- 305.420954165
Item number JAM
100 ## - MAIN ENTRY--PERSONAL NAME
Personal name Jamir, Toshimenla
9 (RLIN) 14540
245 ## - TITLE STATEMENT
Title Women and politics in Nagaland :
Remainder of title challenges and imperatives
260 ## - PUBLICATION, DISTRIBUTION, ETC.
Place of publication, distribution, etc. New Delhi :
Name of publisher, distributor, etc. Concept Pub. Co.,
Date of publication, distribution, etc. 2012.
300 ## - PHYSICAL DESCRIPTION
Extent xvi, 143 pages : illustrations ;
Other physical details 23 cm
650 ## - SUBJECT ADDED ENTRY--TOPICAL TERM
Topical term or geographic name entry element Women -- Political activity -- India -- Nāgāland.
9 (RLIN) 14541
650 ## - SUBJECT ADDED ENTRY--TOPICAL TERM
Topical term or geographic name entry element Naga (South Asian people) -- India -- Nāgāland -- Politics and government.
9 (RLIN) 14542
650 ## - SUBJECT ADDED ENTRY--TOPICAL TERM
Topical term or geographic name entry element Naga (South Asian people) -- Politics and government.
9 (RLIN) 14543
942 ## - ADDED ENTRY ELEMENTS (KOHA)
Source of classification or shelving scheme Dewey Decimal Classification
Koha item type Books
Koha issues (borrowed), all copies 3
Holdings
Withdrawn status Lost status Source of classification or shelving scheme Damaged status Not for loan Home library Current Library Shelving location Date acquired Source of acquisition Cost, normal purchase price Total checkouts Full call number Barcode Date last seen Date last checked out Copy number Cost, replacement price Price effective from Koha item type
    Dewey Decimal Classification     GRACE BIBLE COLLEGE GRACE BIBLE COLLEGE North East Collection 2020-02-24 10 375.00 3 305.420954 JAM 013806 2025-05-01 2024-02-05 c.1 500.00 2020-02-24 Books
© Grace Bible College Library 2025